Statistics for Prime Numbers 1-100

Click here to take the quiz!

General Stats

  • This quiz has been taken 55,073 times
    (55,070 since last reset)
  • The average score is 17 of 25

Answer Stats

Prime #% Correct
2
99%
3
99%
5
99%
7
99%
11
97%
13
97%
17
96%
19
94%
23
94%
29
90%
31
88%
37
85%
41
76%
43
72%
47
70%
53
59%
59
51%
61
47%
67
43%
71
36%
73
32%
79
29%
83
27%
97
25%
89
23%

Score Distribution

Percentile by Number Answered

Percent of People with Each Score

Your Score History

You have not taken this quiz since the last reset